|
|
|
|
| LEADER |
00000nas a2200000 a 4500 |
| 001 |
ssj0017214 |
| 003 |
WaSeSS |
| 005 |
20200512172242.0 |
| 006 |
m d |
| 007 |
cr n |
| 008 |
780523c19uu9999caumn p s 0 a0eng c |
| 010 |
|
|
|a 81646190
|z sn 78004079
|
| 022 |
|
|
|l 0036-5424
|y 0036-5424
|
| 032 |
|
|
|a 546610
|b USPS
|
| 035 |
|
|
|a (WaSeSS)ssj0017214
|
| 037 |
|
|
|b Challenge Publications, 7950 Deering Ave., Canoga Park, CA 91304
|
| 040 |
|
|
|a COO
|b eng
|c COO
|d NSD
|d DLC
|d NSD
|d NST
|d DLC
|d NST
|d DLC
|d OCLCQ
|d OCLCF
|d OCLCO
|d JDP
|d OCLCQ
|d WaSeSS
|
| 042 |
|
|
|a pcc
|a nsdp
|
| 050 |
0 |
0 |
|a TL770.A1
|b S27
|
| 082 |
0 |
|
|a 629.133/134/05
|
| 222 |
|
0 |
|a Scale modeler
|
| 245 |
0 |
0 |
|a Scale modeler
|h [electronic resource].
|
| 246 |
1 |
|
|i Issue for <fall 1996-> called:
|a Kitbashing special
|
| 260 |
|
|
|a [Canoga Park, Calif.] :
|b [Challenge Publications]
|
| 310 |
|
|
|a Monthly (with additional issue dated fall)
|
| 506 |
|
|
|a License restrictions may limit access.
|
| 588 |
|
|
|a Description based on: Vol. 14, no. 3 (Mar. 1979); title from cover.
|
| 588 |
|
|
|a Latest issue consulted: Fall 1996.
|
| 650 |
|
0 |
|a Airplanes
|x Models
|v Periodicals.
|
| 650 |
|
7 |
|a Airplanes
|x Models.
|2 fast
|0 (OCoLC)fst00803299
|
| 655 |
|
0 |
|a Electronic journals.
|
| 850 |
|
|
|a DLC
|a IC
|a NN
|
| 856 |
4 |
0 |
|z Full text available from Research Library: 09/01/1998 to 09/30/1998
|u https://search.proquest.com/publication/33448
|